| 000 | 00750cam a22002531 4500 | ||
|---|---|---|---|
| 001 | 27204 | ||
| 003 | BD-RjUL | ||
| 005 | 20211209051127.0 | ||
| 008 | 140324t1962 U a 001 0 eng | ||
| 035 | _a(BD-RjUL)27276 | ||
| 035 | _a(OCoLC)27795836 | ||
| 040 |
_aDLC _cNAlU _dUk _dDLC _beng |
||
| 041 | _aeng | ||
| 082 |
_a954.035 _bMOA 1962 |
||
| 100 | 1 |
_aMolesworth, G. N. _q(George Noble), _d1890-1968. _983492 |
|
| 245 | 1 | 0 |
_aAfghanistan 1919 : _ban account of operations in the Third Afghan War / _cG. N. Molesworth |
| 260 |
_aNew York : _bAsia Pub. House, _cc1962 |
||
| 300 |
_a183 p. : _bill. ; _c23 cm. |
||
| 504 | _aIncludes index | ||
| 650 | 0 |
_aAfghan Wars. _983493 |
|
| 942 |
_2ddc _cBK |
||
| 999 |
_c27204 _d27204 |
||